Central Library OPAC University of Rajshahi

আল-কুরআন ও আস-সুন্নাহয় বর্ণিত আহর সামগ্রী : (Record no. 84347)

MARC details
000 -LEADER
fixed length control field 01964nam a2200277 a 4500
001 - CONTROL NUMBER
RUCL Control Number 84347
003 - CONTROL NUMBER IDENTIFIER
rucl marc code BD-RjUL
005 - DATE AND TIME OF LATEST TRANSACTION
control field 20241124103448.0
008 - FIXED-LENGTH DATA ELEMENTS--GENERAL INFORMATION
fixed length control field 241124s2023 bg a|||| m||| 00| 0 ben d
035 ## - SYSTEM CONTROL NUMBER
system control number (BD-RjUL)84347
040 ## - CATALOGING SOURCE
Original cataloging agency BD-RjUL
Language of cataloging ben/eng
Transcribing agency BD-RjUL
Modifying agency BD-RjUL
041 ## - LANGUAGE CODE
Language code of Book ben
082 ## - DEWEY DECIMAL CLASSIFICATION NUMBER
Classification number 297.81
DDC Edition number 23
Author mark and Year RHA 2023
100 ## - MAIN ENTRY--PERSONAL NAME
Personal name রহমান, ছিদ্দিকুর
9 (RLIN) 14379
245 10 - TITLE STATEMENT
Title আল-কুরআন ও আস-সুন্নাহয় বর্ণিত আহর সামগ্রী :
Remainder of title একটি পর্যালোচনা /
Statement of responsibility, etc গবেষক ছিদ্দিকুর রহমান ;
Name of Supervisor/Co-Supervisor প্রিন্সিপাল সুপারভাইজার : মোহা. আশরাফ উজ জামান, কো-সুপারভাইজার : আবু নোমান মুহাম্মদ মাসউদুর রহমান
246 ## - VARYING FORM OF TITLE
Title proper/short title Edibles Mentioned in the Holy Quran and Sunnah :
Remainder of title An Overview /
260 ## - PUBLICATION, DISTRIBUTION, ETC. (IMPRINT)
Place of publication, distribution, etc রাজশাহী :
Name of publisher, distributor, etc ইসলামিক স্টাডিজ বিভাগ, রাজশাহী বিশ্ববিদ্যালয়,
Date of publication, distribution, etc ২০২৩
300 ## - PHYSICAL DESCRIPTION
Pagination xviii, ২৫৯ পাতা :
Other physical details চিত্র ;
Dimensions ২৯ সেমি.
502 ## - DISSERTATION NOTE
Dissertation note থিসিস (পিএইচ. ডি.) -- ইসলামিক স্টাডিজ বিভাগ, রাজশাহী বিশ্ববিদ্যালয়, ২০২৩
504 ## - BIBLIOGRAPHY, ETC. NOTE
Bibliography, etc গ্রন্থপঞ্জি : পাতা [২৯০]-৩০৫
650 ## - SUBJECT ADDED ENTRY--TOPICAL TERM
Topical term or geographic name as entry element আল-কুরআন
Form subdivision সুন্নাহয়
9 (RLIN) 14380
Topical term or geographic name as entry element Al-Quran
Form subdivision Sunnah
9 (RLIN) 14381
700 ## - ADDED ENTRY--SUPERVISOR/CO-SUPERVISOR NAME
Personal name জামান, মোহা. আশরাফ উজ, প্রিন্সিপাল সুপারভাইজার
9 (RLIN) 14382
Personal name রহমান, আবু নোমান মুহাম্মদ মাসউদুর, কো-সুপারভাইজার
9 (RLIN) 14383
942 ## - ADDED ENTRY ELEMENTS (KOHA)
Source of classification or shelving scheme Dewey Decimal Classification
Koha item type Theses
Holdings
Source of classification or shelving scheme Damaged status Not for loan Collection code Permanent Location Current Location Shelving location Date of accession Source of acquisition Total Checkouts Full call number Barcode Date last seen Copy number Thesis
Dewey Decimal Classification   Not For Loan Theses Central Library, University of Rajshahi Central Library, University of Rajshahi Documentation Section 20/11/2024 Controller of Exam. R.U.   BTHE 297.81 RHA 2023 D5038 24/11/2024 C-I Theses